000 00801nam a2200265Ia 4500
003 OSt
005 20220928125030.0
006 a|||||r|||| 00| 0
007 ta
008 220927b |||||||| |||| 00| 0 eng d
020 _c15010.799999999999
024 _a119444
037 _b831, 04/09/2013, Bright Book Service
_cTextual
040 _aSDCL
_cSDCL
_beng
041 _2eng
_aeng
082 _aO-:g(Y:1), Q2
100 _aBray Joe
_9467688
245 0 _aRoutledge companion to experimental literature
260 _aLondon
_bRoutledge
_c2012
300 _axvi;541p
_ccm.
650 _aEnglish
700 _a Gibbons Alison Ed.
_9467689
942 _hO-:g(Y:1), Q2
_cTEXL
_2CC
999 _c780551
_d780551